<?xml version="1.0" encoding="UTF-8"?>
<record
    xmlns:xsi="http://www.w3.org/2001/XMLSchema-instance"
    xsi:schemaLocation="http://www.loc.gov/MARC21/slim http://www.loc.gov/standards/marcxml/schema/MARC21slim.xsd"
    xmlns="http://www.loc.gov/MARC21/slim">

  <leader>01584nam a22002897a 4500</leader>
  <datafield tag="999" ind1=" " ind2=" ">
    <subfield code="c">358011</subfield>
    <subfield code="d">358011</subfield>
  </datafield>
  <controlfield tag="003">IT-MiSPE</controlfield>
  <controlfield tag="005">20181115122217.0</controlfield>
  <controlfield tag="008">180927b           ||||| |||| 00| 0 eng d</controlfield>
  <datafield tag="040" ind1=" " ind2=" ">
    <subfield code="a">IT-MiSPE</subfield>
    <subfield code="b">ita</subfield>
    <subfield code="c">IT-MISPE</subfield>
  </datafield>
  <datafield tag="041" ind1=" " ind2=" ">
    <subfield code="a">ita</subfield>
  </datafield>
  <datafield tag="082" ind1=" " ind2=" ">
    <subfield code="a">838-MAN th bu (23193)</subfield>
  </datafield>
  <datafield tag="100" ind1=" " ind2=" ">
    <subfield code="a">Mann, Thomas</subfield>
    <subfield code="c">Premio Nobel (1929)</subfield>
    <subfield code="d">1875-1955</subfield>
    <subfield code="e">autore</subfield>
    <subfield code="9">57389</subfield>
  </datafield>
  <datafield tag="240" ind1=" " ind2=" ">
    <subfield code="a">Buddenbrooks ; Tolstoj. Zur Jahrhundertfeier seiner Geburt ; Richard Wagner und der "Ring des Nibelungen" ; Goethe und die Demokratie /</subfield>
    <subfield code="l">ger</subfield>
  </datafield>
  <datafield tag="245" ind1=" " ind2=" ">
    <subfield code="a">I Buddenbrook ; Tolstoj. Per il centenario della nascita ; Richard Wagner e "L'anello del Nibelungo" ; Goethe e la Democrazia /</subfield>
    <subfield code="c">Traduzione di Ervino Pocar / Italo Alighiero Chiusano / Bruno Arzeni / </subfield>
  </datafield>
  <datafield tag="250" ind1=" " ind2=" ">
    <subfield code="a">Edizione speciale CDE spa - Milano su licenza della Arnoldo Mondadori Editore</subfield>
  </datafield>
  <datafield tag="260" ind1=" " ind2=" ">
    <subfield code="a">Milano :</subfield>
    <subfield code="b">Collezione Premi Nobel (su licenza della Mondadori)</subfield>
    <subfield code="c">1985 [1952-53 ; 1958 ; 1953 ; 1958]</subfield>
  </datafield>
  <datafield tag="300" ind1=" " ind2=" ">
    <subfield code="a">xxxv, 798 p. ;</subfield>
    <subfield code="c">19 cm</subfield>
  </datafield>
  <datafield tag="490" ind1=" " ind2=" ">
    <subfield code="a">Collezioni Premi Nobel</subfield>
  </datafield>
  <datafield tag="546" ind1=" " ind2=" ">
    <subfield code="a">Traduzione di Ervino Pocar (I Buddenbrook) ; Italo Alighiero Chiusano (Tolstoj) ; Bruno Arzeni (Richard Wagner e "L'anello del Nibelungo" / Goethe e la Democrazia)</subfield>
  </datafield>
  <datafield tag="655" ind1=" " ind2=" ">
    <subfield code="a">Lingua e letteratura tedesca</subfield>
    <subfield code="x">Vari altri autori: opere originali e studi</subfield>
    <subfield code="9">57384</subfield>
  </datafield>
  <datafield tag="700" ind1=" " ind2=" ">
    <subfield code="a">Pocar, Ervino</subfield>
    <subfield code="d">1892-1981</subfield>
    <subfield code="e">tr.</subfield>
    <subfield code="9">57390</subfield>
  </datafield>
  <datafield tag="700" ind1=" " ind2=" ">
    <subfield code="a">Chiusano, Alighiero Italo</subfield>
    <subfield code="d">1926-1995</subfield>
    <subfield code="e">tr.</subfield>
    <subfield code="9">57391</subfield>
  </datafield>
  <datafield tag="700" ind1=" " ind2=" ">
    <subfield code="a">Arzeni, Bruno</subfield>
    <subfield code="d">1905-1954</subfield>
    <subfield code="e">tr.</subfield>
    <subfield code="9">57392</subfield>
  </datafield>
  <datafield tag="700" ind1=" " ind2=" ">
    <subfield code="a">Paci, Enzo</subfield>
    <subfield code="d">1911-1976</subfield>
    <subfield code="e">introduzione (Thomas Mann)</subfield>
    <subfield code="9">57394</subfield>
  </datafield>
  <datafield tag="830" ind1=" " ind2=" ">
    <subfield code="a">Collezioni Premi Nobel</subfield>
    <subfield code="9">57393</subfield>
  </datafield>
  <datafield tag="942" ind1=" " ind2=" ">
    <subfield code="2">ddc</subfield>
    <subfield code="c">BK</subfield>
  </datafield>
  <datafield tag="952" ind1=" " ind2=" ">
    <subfield code="0">0</subfield>
    <subfield code="1">0</subfield>
    <subfield code="2">ddc</subfield>
    <subfield code="4">0</subfield>
    <subfield code="6">838MAN_TH_BU_23193</subfield>
    <subfield code="7">1</subfield>
    <subfield code="a">CINISELLO</subfield>
    <subfield code="b">CINISELLO</subfield>
    <subfield code="d">2018-09-27</subfield>
    <subfield code="l">0</subfield>
    <subfield code="o">838-MAN th bu (23193)</subfield>
    <subfield code="r">2018-09-27 00:00:00</subfield>
    <subfield code="w">2018-09-27</subfield>
    <subfield code="y">BK</subfield>
  </datafield>
</record>
